00622nam a2200205Ia 4500003000900000008004100009020002200050040001600072080001800088100002500106245009500131260003100226300001400257490003600271650002400307650002500331650001400356700002100370700002500391IN-BaIIA211028s9999 xx 000 0 eng d a978-3-642-41719-1 cIIA Library a524.6-52bBLA aBland-Hawthorn, Joss 4aThe Origin of the galaxy and local groupcJoss Bland-Hawthorn, K. Freeman and F. Matteucci aHeidelbergbSpringerc2014 aix, 231p. aSaas-Fee advanced course; v. 37 aGalaxies - Evolutio aGalaxies - Formation aMilky Way aFreeman, Kenneth aMatteucci, Francesca